|
003 -Nazwa inst., której nr kontr. jest w polu 001 [,]
|
-
- @
- Nazwa instytucji, której n kontrolny jest w polu 001
- NUKAT
|
|
005 -DATA I CZAS OSTATNIEJ MODYFIKACJI [,]
|
-
- @
- pole kontrolne
- 20260429124441.0
|
|
020 -Międzynarod. znormalizowany nr książki - ISBN [ , ]
|
-
- a
- Numer ISBN
- 9788364509179
|
|
040 -Instytucja sporządzająca opis [ , ]
|
-
- a
- Instytucja, która sporządziła opis (NP)
- KR U/moz
-
- c
- Instytucja, która sporządziła rekord (NP)
- KR U/moz
-
- d
- Instytucja, która zmodyfikowała rekord (P)
- KR U/moz
-
- d
- Instytucja, która zmodyfikowała rekord (P)
- KR U/KNs
-
- d
- Instytucja, która zmodyfikowała rekord (P)
- WR U/mg
|
|
041 -Język dokumentu [1, ]
|
-
- a
- Język tekstu (P)
- angielski
-
- h
- Język tekstu oryginalnego i/lub pośredniego (P)
- polski
|
|
942 -Rodzaj dokumentu [ , ]
|
-
- c
- Rodzaj dokumentu
- Książka
|
|
245 -Strefa tytułu i oznaczenia odpowiedzialności [0,0]
|
-
- a
- Tytuł
- Research project management /
-
- c
- Pozostałe elementy strefy tytułu i oznaczenia odpowiedzialności (NP)
- scientific editors Joanna Rzempała, Magdalena Pieńkos, Tomasz Leśniowski ; [authors Agata Mesjasz-Lech, Marlena Grabowska, Barbara Grabińska, Konrad Grabiński, Grażyna Trzpiot, Dominik Krężołek, Justyna Majewska, Sebastian Twaróg, Joanna Rzempała, Katarzyna Zioło, Anna Szwajlik, Andrzej Masiarek].
|
|
246 -Wariant tytułu [1, ]
|
-
- i
- Tekst wyświetlany na ekranie monitora (NP)
- Tyt. oryg.:
-
- a
- Tytuł (NP)
- Zarządzanie projektem badawczym
|
|
260 -Strefa adresu wydawniczego [ , ]
|
-
- a
- Miejsce wydania (P)
- Cracow :
-
- b
- Nazwa wydawcy (P)
- [Uniwersytet Ekonomiczny w Krakowie. Dział Obsługi Projektów Unijnych],
-
|
|
648 -Hasło przedmiotowe - chronologia [ ,7]
|
-
- a
- Deskryptor chronologiczny
- 2001-
-
-
|
|
650 -Hasło przedmiotowe [ ,7]
|
-
- a
- Hasło przedmiotowe
- Badania naukowe
-
-
|
|
650 -Hasło przedmiotowe [ ,7]
|
-
- a
- Hasło przedmiotowe
- Zarządzanie projektami
-
-
|
|
650 -Hasło przedmiotowe [ ,7]
|
-
- a
- Hasło przedmiotowe
- Badania
-
- x
- Określnik rzeczowy
- zarządzanie.
-
-
|
|
650 -Hasło przedmiotowe [ ,7]
|
-
- a
- Hasło przedmiotowe
- Badania
-
- x
- Określnik rzeczowy
- finanse.
-
-
|
|
650 -Hasło przedmiotowe [ ,7]
|
-
- a
- Hasło przedmiotowe
- Zarządzanie projektami.
-
-
|
|
650 -Hasło przedmiotowe [ ,7]
|
-
- a
- Hasło przedmiotowe
- Badania
-
- x
- Określnik rzeczowy
- komercjalizacja.
-
-
|
|
650 -Hasło przedmiotowe [ ,7]
|
-
- a
- Hasło przedmiotowe
- Własność intelektualna
-
- x
- Określnik rzeczowy
- ochrona.
-
-
|
|
658 -Ujęcie treści [ , ]
|
-
- a
- dziedzina nauki i sztuki/ sfera aktywności życiowej
- Nauka i badania
|
|
658 -Ujęcie treści [ , ]
|
-
- a
- dziedzina nauki i sztuki/ sfera aktywności życiowej
- Zarządzanie i marketing
|
|
700 -Hasło dodatkowe - nazwa osobowa [1, ]
|
-
- a
- Nazwa osobowa (NP)
- Rzempała, Joanna.
-
- e
- Określenie rodzaju współpracy
- Red.
-
|
|
700 -Hasło dodatkowe - nazwa osobowa [1, ]
|
-
- a
- Nazwa osobowa (NP)
- Pieńkos, Magdalena.
-
- e
- Określenie rodzaju współpracy
- Red.
-
|
|
700 -Hasło dodatkowe - nazwa osobowa [1, ]
|
-
- a
- Nazwa osobowa (NP)
- Leśniowski, Tomasz.
-
- e
- Określenie rodzaju współpracy
- Red.
-
|
|
700 -Hasło dodatkowe - nazwa osobowa [1, ]
|
-
- a
- Nazwa osobowa (NP)
- Mesjasz-Lech, Agata.
-
|
|
700 -Hasło dodatkowe - nazwa osobowa [1, ]
|
-
- a
- Nazwa osobowa (NP)
- Grabowska, Marlena
-
- c
- Dopowiedzenie inne niż daty biograficzne (NP)
- (nauki ekonomiczne).
-
|
|
700 -Hasło dodatkowe - nazwa osobowa [1, ]
|
-
- a
- Nazwa osobowa (NP)
- Grabińska, Barbara.
-
|
|
700 -Hasło dodatkowe - nazwa osobowa [1, ]
|
-
- a
- Nazwa osobowa (NP)
- Grabiński, Konrad.
-
|
|
700 -Hasło dodatkowe - nazwa osobowa [1, ]
|
-
- a
- Nazwa osobowa (NP)
- Trzpiot, Grażyna.
-
|
|
700 -Hasło dodatkowe - nazwa osobowa [1, ]
|
-
- a
- Nazwa osobowa (NP)
- Krężołek, Dominik Mateusz.
-
|
|
700 -Hasło dodatkowe - nazwa osobowa [1, ]
|
-
- a
- Nazwa osobowa (NP)
- Majewska, Justyna
-
- c
- Dopowiedzenie inne niż daty biograficzne (NP)
- (statystyka).
-
|
|
700 -Hasło dodatkowe - nazwa osobowa [1, ]
|
-
- a
- Nazwa osobowa (NP)
- Twaróg, Sebastian Marek.
-
|
|
700 -Hasło dodatkowe - nazwa osobowa [1, ]
|
-
- a
- Nazwa osobowa (NP)
- Zioło-Gwadera, Katarzyna.
-
|
|
700 -Hasło dodatkowe - nazwa osobowa [1, ]
|
-
- a
- Nazwa osobowa (NP)
- Szwajlik, Anna.
-
|
|
700 -Hasło dodatkowe - nazwa osobowa [1, ]
|
-
- a
- Nazwa osobowa (NP)
- Masiarek, Andrzej.
-
|